Gminy w Powiatach na literę N - Statystyki

Ogólne statystyki
  • Ten quiz został rozwiązany 20 razy
  • Średni wynik to 22 z 85
Statystyki odpowiedzi
Powiaty Gminy % Poprawnych
namysłowski Namysłów
84%
nowosolski Nowa Sól
84%
nowotarski Nowy Targ
84%
nyski Nysa
84%
nidzicki Nidzica
79%
nowodworski (mazowieckie) Nowy Dwór Mazowiecki
79%
niżański Nisko
68%
nakielski Nakło nad Notecią
63%
nowomiejski Nowe Miasto Lubawskie
63%
nowodworski (pomorskie) Nowy Dwór Gdański
63%
nowotomyski Nowy Tomyśl
63%
Stary Sącz
47%
Szczawnica
47%
Krościenko nad Dunajcem
42%
Krynica-Zdrój
42%
Muszyna
42%
Otmuchów
42%
Piwniczna-Zdrój
42%
Paczków
37%
Rudnik nad Sanem
37%
Chełmiec
32%
Czarny Dunajec
32%
Kcynia
32%
Łącko
32%
Rabka-Zdrój
32%
Rytro
32%
Stegna
32%
Ulanów
32%
Bytom Odrzański
26%
Łabowa
26%
Mrocza
26%
Nowe Miasteczko
26%
Pokój
26%
Raba Wyżna
26%
Szubin
26%
Zakroczym
26%
Czorsztyn
21%
Gródek nad Dunajcem
21%
nowosądecki Grybów
21%
Kożuchów
21%
Nawojowa
21%
Otyń
21%
Sztutowo
21%
Czosnów
16%
Jabłonka
16%
Łapsze Niżne
16%
Leoncin
16%
Lipnica Wielka
16%
Łososina Dolna
16%
Miedzichowo
16%
Nasielsk
16%
Ochotnica Dolna
16%
Opalenica
16%
Podegrodzie
16%
Zbąszyń
16%
Głuchołazy
11%
Kamionka Wielka
11%
Kolsko
11%
Korfantów
11%
Kurzętnik
11%
Łambinowice
11%
Lwówek
11%
Sadki
11%
Szaflary
11%
Biskupiec
5%
Domaszowice
5%
Grodziczno
5%
Harasiuki
5%
Janowiec Kościelny
5%
Janowo
5%
Jarocin
5%
Jeżowe
5%
Kamiennik
5%
Korzenna
5%
Kozłowo
5%
Krzeszów
5%
Kuślin
5%
Ostaszewo
5%
Pakosławice
5%
Pomiechówek
5%
Siedlisko
5%
Skoroszyce
5%
Spytkowice
5%
Świerczów
5%
Wilków
5%
Nie znaleziono quizów pasujących do podanych kryteriów
Rozkład punktacji
Procent ludzi z każdym wynikiem
Percentyl według liczby udzielonych odpowiedzi
Twoja historia wyników
Nie rozwiązałeś tego quizu